01111nam a2200193Ia 4500001001100000003001000011008004100021040002500062041001300087100002000100245005600120250001100176260008900187300002800276500023700304501011400541520023700655650002500892L400-57865IT-CnALBA170116s9999||||xx |||||||||||||| ||und|| aIT-CnALBAcIT-CnALBA aITALIANO aLOMBARDI GABRIO 0aCULTURA CIVICA PER LE SCUOLE SECONDARIE SUPERIORI.  a2a ed. a BOLOGNAbZANICHELLI NICOLA, EDITORE c1973 [1° Ed.:1973 - Ed.Ling.Originale: 1973] a352 p. (prefazione: 12) aSOCIETÀ E STATO. LA CONTESTAZIONE. ORDINAMENTO DELLA COSTITUZIONE. RAPPORTI CIVILI. ETICO SOCIALI. ECONOMICI POLITICI. GOVERNO MAGISTRATURA. REGIONE PROVINCE COMUNI. ORGANISMI INTERNAZIONALI E SOPRANAZIONALI. VALORI DI LIBERTÀ.  aSocietà San Paolo EM - Piazza San Paolo, 14 - 12051 ALBA (CN) (non commercial uses only) ® Copyright 2017 aSOCIETÀ E STATO. LA CONTESTAZIONE. ORDINAMENTO DELLA COSTITUZIONE. RAPPORTI CIVILI. ETICO SOCIALI. ECONOMICI POLITICI. GOVERNO MAGISTRATURA. REGIONE PROVINCE COMUNI. ORGANISMI INTERNAZIONALI E SOPRANAZIONALI. VALORI DI LIBERTÀ.  aLINGUAGGIO IN GENERE